000 00317 a2200145 4500
999 _c12114
_d12114
003 OSt
005 20240117170754.0
008 240117b ||||| |||| 00| 0 eng d
020 _a3782820312
082 _a721.042
100 _aFrei Otto
245 _aIL 31 Bambus - Bamboo
260 _bKramer
_c1990
942 _2ddc